August Strindberg, the literary enigma / (Record no. 15853)

MARC details
000 -LEADER
fixed length control field 00905cam a22002531a 4500
001 - CONTROL NUMBER
control field ca 24000728
003 - CONTROL NUMBER IDENTIFIER
control field DLC
005 - DATE AND TIME OF LATEST TRANSACTION
control field 20260227111113.0
008 - FIXED-LENGTH DATA ELEMENTS--GENERAL INFORMATION
fixed length control field 840224s1924 ksu 000 0 eng
010 ## - LIBRARY OF CONGRESS CONTROL NUMBER
LC control number ca 24000728
035 ## - SYSTEM CONTROL NUMBER
System control number (OCoLC)10455371
040 ## - CATALOGING SOURCE
Original cataloging agency DLC
Transcribing agency KPT
Modifying agency DLC
042 ## - AUTHENTICATION CODE
Authentication code premarc
050 00 - LIBRARY OF CONGRESS CALL NUMBER
Classification number PT9815
Item number .M6
100 1# - MAIN ENTRY--PERSONAL NAME
Personal name Moritzen, Julius,
Dates associated with a name 1863-
245 10 - TITLE STATEMENT
Title August Strindberg, the literary enigma /
Statement of responsibility, etc. Julius Moritzen.
260 ## - PUBLICATION, DISTRIBUTION, ETC.
Place of publication, distribution, etc. Girard, Kan. :
Name of publisher, distributor, etc. Haldeman-Julius Co.,
Date of publication, distribution, etc. c1924.
300 ## - PHYSICAL DESCRIPTION
Extent 96 p. :
Other physical details port. ;
Dimensions 13 cm.
440 #0 - SERIES STATEMENT/ADDED ENTRY--TITLE
Title Little blue book ;
Volume/sequential designation no. 503
504 ## - BIBLIOGRAPHY, ETC. NOTE
Bibliography, etc. note Bibliography: p. 94-96.
500 ## - GENERAL NOTE
General note Published 4 January 1924; copies deposited at Library of Congress 1 March 1924. Advertised 19 January 1924, Haldeman-Julius Weekly, p. 1.
500 ## - GENERAL NOTE
General note Later printings lack three advertisements on outer back cover.
600 10 - SUBJECT ADDED ENTRY--PERSONAL NAME
Personal name Strindberg, August,
Dates associated with a name 1849-1912.

No items available.

Powered by Koha